Masterpieces of World Philosophy : in Summary Form /

Guardado en:
Bibliografiske detaljer
Hovedforfatter: Magill, Frank N. (edición)
Andre forfattere: McGreal, Ian P. (edición) (edición)
Format: Bog
Sprog:engelsk
Udgivet: Londres, Inglaterra : George Allen and Unwin, 1963, c1961
Tags: Tilføj Tag
Ingen Tags, Vær først til at tagge denne postø!

MARC

LEADER 00000nam^a2200000^a^4500
001 000562843
005 20250521000000.0
009 20260310131953.986
037 |a Acervo Xavier Clavigero 
041 |a ING 
091 |a FPA. 00240 
100 |a Magill, Frank N.  |e (edición) 
245 1 0 |a Masterpieces of World Philosophy :  |b in Summary Form / 
264 4 |a Londres, Inglaterra :  |b George Allen and Unwin,  |c 1963, c1961 
300 |a XXX, 1166 p. 
336 |a texto  |b txt  |2 rdacontenido 
337 |a sin mediación  |b n  |2 rdamedio 
338 |a volumen  |b nc  |2 rdasoporte 
649 |a XX 
700 |a McGreal, Ian P.  |e (edición) 
910 |a Fondo José Ignacio Palencia Gómez S.J. 
920 |a Impresos - Libros 
930 |a Fondos Especiales 
905 |a 137 
901 |a 0500358465  |b IT2  |c ESL  |i D  |u 20250521 
902 |a https://opac.biblio.iteso.mx/vufind/Record/000562843